000
00303nam a22001097a 4500
008
160418b xxu||||| |||| 00| 0 eng d
020
_a
9781416058960
041
_a
eng
080
_a
618
245
_a
Maternal Child Nursing:
_c
Emily Slone Mekinney; Susan Rowen James; Sharon Smith Murray;
942
_2
udc
_c
BK
999
_c
1422
_d
1422